Гидротермально-метасоматические образования в вулканитах основного-среднего состава на редкометальных объектах; Рудоносные метасоматические формации Урала. Метасоматическая зональность скарновых, золоторудных, редкометальных и нерудных месторождений, теоретические основы, методика и результаты картирования метасоматических образований

Opis bibliograficzny
Parent link:Рудоносные метасоматические формации Урала. Метасоматическая зональность скарновых, золоторудных, редкометальных и нерудных месторождений, теоретические основы, методика и результаты картирования метасоматических образований.— 1986.— С. 44-45
1. autor: Язиков Е. Г. Егор Григорьевич
Kolejni autorzy: Беляев А. А., Сачков С. Л.
Streszczenie:В фонде НТБ ТПУ отсутствует
Język:rosyjski
Wydane: 1986
Hasła przedmiotowe:
Format: MixedMaterials Rozdział
KOHA link:https://koha.lib.tpu.ru/cgi-bin/koha/opac-detail.pl?biblionumber=598181

MARC

LEADER 00000naa0a2200000 4500
001 598181
005 20250228165150.0
035 |a (RuTPU)RU\TPU\tpu\21731 
035 |a RU\TPU\tpu\21730 
090 |a 598181 
100 |a 20120912d1986 k y0rusy50 ca 
101 0 |a rus 
102 |a RU 
200 1 |a Гидротермально-метасоматические образования в вулканитах основного-среднего состава на редкометальных объектах  |f Е. Г. Язиков, А. А. Беляев, С. Л. Сачков 
333 |a В фонде НТБ ТПУ отсутствует 
463 |t Рудоносные метасоматические формации Урала. Метасоматическая зональность скарновых, золоторудных, редкометальных и нерудных месторождений, теоретические основы, методика и результаты картирования метасоматических образований  |o информационные материалы  |v С. 44-45  |d 1986 
610 1 |a труды учёных ТПУ 
700 1 |a Язиков  |b Е. Г.  |c специалист в области геологии и минералогии  |c профессор Томского политехнического университета, доктор геолого-минералогических наук, заместитель проректора по образовательной и международной деятельности  |f 1955-  |g Егор Григорьевич  |3 (RuTPU)RU\TPU\pers\26057  |9 11896 
701 1 |a Беляев  |b А. А. 
701 1 |a Сачков  |b С. Л. 
801 1 |a RU  |b 63413507  |c 20090806  |g PSBO 
801 2 |a RU  |b 63413507  |c 20130109  |g RCR 
942 |c CR